| 000 | 01226nam a22002897i 4500 | ||
|---|---|---|---|
| 003 | EG-ScBUE | ||
| 005 | 20230903110404.0 | ||
| 008 | 200202s1987 ua a f b 000 0 ara d | ||
| 017 | _a86 / 5295 | ||
| 040 |
_aEG-ScBUE _bara _erda _cEG-ScBUE _dEG-ScBUE |
||
| 043 | _aaw----- | ||
| 082 | 0 | 4 |
_a720.953 _bإ ب ر _222 |
| 100 | 1 |
_aإبراهيم، عبد الباقي، _eمؤلف. _914874 |
|
| 245 | 1 | 2 |
_aالمنظور التاريخي للعمارة في المشرق العربي / _cتأليف دكتور عبد الباقي إبراهيم، دكتور حازم محمد إبراهيم. |
| 250 | _aالطبعة الأولى. | ||
| 264 | 1 |
_aالقاهرة : _bمركز الدراسات التخطيطية والمعمارية، _c1987. |
|
| 300 |
_a122 صفحة : _bإيضاحيات ؛ _c30 سم |
||
| 336 |
_2rdacontent _aنص _btxt |
||
| 337 |
_2rdamedia _aبدون وسيط _bn |
||
| 338 |
_2rdacarrier _aمجلد _bnc |
||
| 504 | _aيشتمل على إرجاعات ببليوجرافية. | ||
| 541 |
_cDonation ; _aProf. Ayman Othman |
||
| 650 | 7 |
_aالعمارة _xتاريخ _zالشرق الأوسط. _2BUEsh |
|
| 655 | _vReading book | ||
| 700 | 1 |
_aإبراهيم، حازم محمد، _eمؤلف. |
|
| 942 | _2ddc | ||
| 999 |
_c30506 _d30477 |
||